| 000 | 00446nam a22001817a 4500 | ||
|---|---|---|---|
| 003 | MPLRDC | ||
| 005 | 20220104142501.0 | ||
| 008 | 210129b ||||| |||| 00| 0 eng d | ||
| 020 | _a7-80506-538-1 | ||
| 082 | _a490.7 PEA | ||
| 100 | _aWILLIAM E. PEACOCK | ||
| 245 |
_a商战论 _c黄恒正译 |
||
| 250 | _a一版一刷 | ||
| 260 |
_a _b内蒙古文化出版社 _c1997 |
||
| 300 | _b平 | ||
| 650 | _a商学总论 | ||
| 942 |
_cBK _o490.7 PEA |
||
| 999 |
_c31272 _d31262 |
||